|
|
|
|
| LEADER |
00000naa2a2200000 4500 |
| 001 |
172009 |
| 005 |
20231031164154.0 |
| 035 |
|
|
|a (RuTPU)RU\TPU\book\186487
|
| 035 |
|
|
|a RU\TPU\tpu\5059
|
| 090 |
|
|
|a 172009
|
| 100 |
|
|
|a 20091210d1950 k y0rusy50 ca
|
| 101 |
0 |
|
|a rus
|
| 102 |
|
|
|a RU
|
| 200 |
1 |
|
|a Применение в промышленности рентгеновских лучей для просвечивания и выбор диапозона этих лучей
|f А. А. Воробьев, Е. К. Завадовская
|
| 463 |
|
0 |
|0 (RuTPU)RU\TPU\book\186155
|t Тезисы докладов третьего совещания по применению рентгеновских лучей к исследованию материалов
|o Ленинград, 19-24 июня 1950 г.
|v С. 5-6
|f Академия наук СССР (АН СССР), Отделение физико-математических наук, Комиссия по рентгенографии ; под ред. Г. С. Жданова
|d 1950
|p 119 с.
|
| 610 |
1 |
|
|a электроника
|
| 610 |
1 |
|
|a труды учёных ТПУ
|
| 610 |
1 |
|
|a рентгенотехника
|
| 610 |
1 |
|
|a ускорители
|
| 700 |
|
1 |
|a Воробьев
|b А. А.
|c российский физик
|c ректор Томского политехнического института, профессор
|f 1909-1981
|g Александр Акимович
|2 stltpush
|3 (RuTPU)RU\TPU\pers\12805
|4 070
|
| 701 |
|
1 |
|a Завадовская
|b Е. К.
|c российский физик
|c профессор кафедры физики твердого тела Томского политехнического института
|f 1913-2004
|g Екатерина Константиновна
|2 stltpush
|3 (RuTPU)RU\TPU\pers\19787
|4 070
|
| 801 |
|
0 |
|a RU
|b 63413507
|c 20011210
|g PSBO
|
| 801 |
|
2 |
|a RU
|b 63413507
|c 20091230
|g PSBO
|
| 942 |
|
|
|c BK
|